[Event "ESP-ch U10"]
[Site "Salobrena"]
[Date "2020.07.22"]
[Round "5"]
[White "Prada Villagrasa, Pau Manel"]
[Black "Munoz Correa, Ariadna"]
[Result "1-0"]
[WhiteElo "1632"]
[BlackElo "1129"]
[PlyCount "65"]
[EventDate "2020.07.20"]
[EventType "swiss"]
[EventRounds "9"]
[EventCountry "ESP"]
[SourceTitle "EXT 2021"]
[Source "ChessBase"]
[SourceDate "2020.10.23"]
[SourceVersion "1"]
[SourceVersionDate "2020.10.23"]
[SourceQuality "1"]

1. e4 e5 2. Nf3 Nc6 3. Nc3 Nf6 4. a3 d6 5. h3 Be7 6. d4 exd4 7. Nxd4 0-0 8. Bc4 Ne5 9. Bb3 c5 10. Nf3 Qc7 11. Bd5 Be6 12. 0-0 Nxd5 13. Nxd5 Bxd5 14. exd5 f5 15. Re1 Rf6 16. Bg5 Rg6 17. Bxe7 Qxe7 18. Kh1 Re8 19. Re3 Qf6 20. Qe2 f4 21. Re4 Rh6 22. Re1 Rh5 23. Nd4 g6 24. Nf3 Re7 25. Rd1 a6 26. a4 g5 27. Nxe5 Rxe5 28. Rxe5 Qxe5 29. Qxe5 dxe5 30. d6 Rh6 31. d7 Rf6 32. d8Q+ Rf8 33. Qxg5+ 1-0